Kỹ thuật sửa chữa xe ô tô. Tập 1 /
Hướng dẫn sửa chữa xe ô tô : Để xe khởi động được; Điều gì làm cho nó di chuyển.
Spremljeno u:
| Glavni autor: | |
|---|---|
| Daljnji autori: | |
| Format: | Knjiga |
| Jezik: | Vietnamese |
| Izdano: |
[Tp.HCM] :
Giao thông vận tải,
2003.
|
| Teme: | |
| Oznake: |
Dodaj oznaku
Bez oznaka, Budi prvi tko označuje ovaj zapis!
|
| Thư viện lưu trữ: | Mạng thư viện Đại học Đà Nẵng |
|---|
| LEADER | 01245cam a2200361 a 4500 | ||
|---|---|---|---|
| 001 | 000043881 | ||
| 003 | 2000 | ||
| 005 | 20060418153423.0 | ||
| 008 | 010217b2003 vm 000 vie | ||
| 020 | |c 42000 | ||
| 040 | |a LRC |c LRC |d LRC | ||
| 041 | 0 | |a vie | |
| 082 | 1 | 4 | |a 629.28722 |b QU-B |
| 100 | 1 | |a Quốc Bình. | |
| 245 | 1 | 0 | |a Kỹ thuật sửa chữa xe ô tô. |n Tập 1 / |c Quốc Bình, Văn Cảnh. |
| 260 | |a [Tp.HCM] : |b Giao thông vận tải, |c 2003. | ||
| 300 | |a 210 tr. : |b mh. ; |c 27 cm. | ||
| 520 | 3 | |a Hướng dẫn sửa chữa xe ô tô : Để xe khởi động được; Điều gì làm cho nó di chuyển. | |
| 630 | 0 | 4 | |a Xe ô tô. |
| 650 | 0 | 4 | |a Ô tô |x Sửa chữa và bảo hành. |
| 700 | 1 | |a Văn Cảnh. | |
| OWN | |a DUT | ||
| AVA | |a UDN50 |b DUT |c Book |d 629.28722 QU-B |e available |t Error 5001 Not defined in file expand_doc_bib_avail. |f 5 |g 0 |h N |i 2 |j SH |k 1 | ||
| 999 | |a From the UDN01 | ||
| AVA | |a UDN50 |b DUT |c Book |d 629.28722 QU-B |e available |t Error 5001 Not defined in file expand_doc_bib_avail. |f 5 |g 0 |h N |i 2 |j SH |k 1 | ||
| TYP | |a Monograph | ||
| TYP | |a Printed language | ||
| 980 | |a Mạng thư viện Đại học Đà Nẵng | ||